000
00321nam a2200133Ia 4500
008
100328s9999 xx 000 0 und d
082
_b
34376
100
_a
हरकारे अरुण.
245
_a
कर्ज
260
_b
रावजी
630
_a
कर्ज
730
_a
कर्ज
942
_c
BOOK
999
_c
524557
_d
524554